000 00315nam a2200121Ia 4500
008 240731s9999 xx 000 0 und d
022 _a1535-0932
245 0 _aJournal of Intergenerational Relationships
260 _bRoutledge
856 _uhttps://www.tandfonline.com/loi/wjir20
942 _2ddc
942 _cTFEJ
999 _c77868
_d77868
945 _a1
_bMadushi Gamage
_c1
_dMadushi Gamage